| 000 | 00627nam a2200169 4500 | ||
|---|---|---|---|
| 008 | 180104b xxu||||| |||| 00| 0 eng d | ||
| 020 | _a0316770248 | ||
| 082 |
_21987 _aDC 331.0973 _bSa5 |
||
| 100 |
_925405 _a Sandver, Marcus H., author. |
||
| 245 |
_aLabor relations : _bprocess and outcomes / _cMarcus H Sandver. |
||
| 260 |
_aBoston : _bLittle, Brown, _c©1987. |
||
| 300 |
_axxii, 529 pages : _billustrations ; _c25 cm. |
||
| 500 | _aIncludes bibliographical references and index. | ||
| 650 | 0 |
_925406 _a Industrial relations _zUnited States. |
|
| 650 | 0 |
_925407 _aCollective bargaining _zUnited States. |
|
| 942 |
_2ddc _cDC |
||
| 999 |
_c8214 _d8214 |
||